| 000 | 00970cam a2200301 i 4500 | ||
|---|---|---|---|
| 999 |
_c200443279 _d61491 |
||
| 003 | TR-AnTOB | ||
| 005 | 20220810091838.0 | ||
| 007 | ta | ||
| 008 | 210826s1960 tu 000 0 tur d | ||
| 040 |
_aTR-AnTOB _beng _erda _cTR-AnTOB |
||
| 041 | 0 | _atur | |
| 050 | 4 |
_bTK2181 _a.B63 1960 |
|
| 090 |
_aTK2181 _b.B63 1960 |
||
| 100 | 1 |
_aBoduroğlu, Turgut _eauthor _9129559 |
|
| 245 | 1 | 0 |
_aElektrik makinaları dersleri : _b(teori, hesap ve konstrüksiyon) / _cTurgut Boduroğlu. |
| 250 | _aİkinci baskı | ||
| 264 | 3 |
_aİstanbul : _bKutulmuş Matbaası, _c1960. |
|
| 300 |
_avolumes ; _c24 cm |
||
| 336 |
_2rdacontent _atext _btxt |
||
| 337 |
_2rdamedia _aunmediated _bn |
||
| 338 |
_2rdacarrier _avolume _bnc |
||
| 490 | 0 |
_aT. C. İstanbul Teknik Üniversitesi Kütüphanesi ; _vsayı : 274 |
|
| 505 | 1 | _tCild 1. Transformatorlar. | |
| 650 | 7 |
_aElektrik makineleri _2etuturkob _97209 |
|
| 942 |
_2lcc _cBK |
||